000 00526nam a2200121Ia 4500
008 220616s9999||||xx |||||||||||||| ||und||
100 _aMarianna Kulka
245 0 _aUsing Old Solutions to New Problems - Natural Drug Discovery in the 21st Century
546 _aEnglish[eng]
650 _aHealth Care||Toxicology and Pharmaceutical Science||Pharmacology||Drug Discovery||Health Sciences
856 _uhttps://www.intechopen.com/books/using-old-solutions-to-new-problems-natural-drug-discovery-in-the-21st-century
942 _cEB
999 _c20514
_d20514